00718nam a2200229Ia 4500003000900000008004100009040001300050040001300063041000800076100001800084245007600102250000900178260001800187260000900205300001100214300001000225490000600235600001900241942000700260999001700267952020400284IT-RoPAU120407s9999 xx 000 0 und d aIT-RoPAU cIT-RoPAU aita aDivo Barsotti a"Spiritualità carmelitana e sacramenti Via di crescita dello Spirito" aRoma aCittà Nuova c1984 a210 p. c20 cm v1 a1. Meditazioni cBK c28795d28795 00102ddc406248_400000000000000_12671aPAULUSbPAULUSd2012-04-11l0o248.4.126r2012-04-11 00:00:00w2012-04-11yBKzInserito da: Carla In data: 24 ottobre 2011 fondo: Via A.Severo 56 Progr:33256